La Hacienda española y la revolución de 1868 / Jesús Martín Niño ; prólogo de Lucas Beltrán
Descripción Física:
347 p. ; 24 cm
Colección:
Estudios de hacienda pública
Otros Autores:
Beltrán Flórez, Lucas, 1911-1997
MARC
| LEADER | 00000nam a2200000Ia 4500 | ||
|---|---|---|---|
| 001 | 827 | ||
| 008 | 160829s9999 xx 000 0 cat d | ||
| 080 | |a M-3-142 | ||
| 100 | |a Martín Niño, Jesús |9 25964 | ||
| 245 | |a La Hacienda española y la revolución de 1868 / Jesús Martín Niño ; prólogo de Lucas Beltrán | ||
| 260 | |a Madrid : |b Instituto de Estudios Fiscales, DL 1972 | ||
| 300 | |a 347 p. ; |c 24 cm | ||
| 490 | |a Estudios de hacienda pública | ||
| 650 | |a Finances públiques |x Espanya |x Història |x 1868 |9 25965 | ||
| 650 | |a Espanya |x Condicions econòmiques |x 1868/1874 |9 25966 | ||
| 700 | 1 | |a Beltrán Flórez, Lucas, |d 1911-1997 |e autor del pròleg |9 35134 | |
| 901 | |a Arxiu | ||
| 942 | |n 1 |2 udc | ||
| 952 | |0 0 |1 0 |4 0 |6 M3142 |7 1 |9 43844 |a Arxiu |b Arxiu |d 2016-12-01 |l 0 |o M-3-142 |p 827 |r 2016-12-01 00:00:00 |w 2016-12-01 |y ARXIU | ||
| 999 | |c 46423 |d 46423 | ||